Logo CIB grande

EN BUSCA DE LA COMPETITIVIDAD: TEORIA Y PRACTICAS DE LA GERENCIA EN EL SIGLO XXI (Registro nro. 221095)

Detalles MARC
000 -LEADER
campo de control de longitud fija 00670nam a2200253Ia 4500
003 - IDENTIFICADOR DE NÚMERO DE CONTROL
campo de control EC-GqESP
005 - FECHA Y HORA DE LA ÚLTIMA TRANSACCIÓN
campo de control 20260119111440.0
008 - DATOS DE LONGITUD FIJA--INFORMACIÓN GENERAL
campo de control de longitud fija 250425s9999 xx 000 0 und d
010 ## - NÚMERO DE CONTROL DE LA BIBLIOTECA DEL CONGRESO
Número de control de LC 41829
041 ## - CÓDIGO DE IDIOMA
Código de lengua del texto/banda sonora o título independiente spa
043 ## - CÓDIGO DE ÁREA GEOGRÁFICA
Código de área geográfica ec
082 ## - NÚMERO DE LA CLASIFICACIÓN DECIMAL DEWEY
Número de clasificación 658.4
100 ## - ENTRADA PRINCIPAL--NOMBRE DE PERSONA
Nombre de persona AROSEMENA AROSEMENA, GUILLERMO
245 #0 - MENCIÓN DEL TÍTULO
Título EN BUSCA DE LA COMPETITIVIDAD: TEORIA Y PRACTICAS DE LA GERENCIA EN EL SIGLO XXI
250 ## - MENCION DE EDICION
Mención de edición 1A ED.
260 ## - PUBLICACIÓN, DISTRIBUCIÓN, ETC.
Lugar de publicación, distribución, etc. Ecuador
Nombre del editor, distribuidor, etc. ESPOL
Fecha de publicación, distribución, etc. 2002
260 ## - PUBLICACIÓN, DISTRIBUCIÓN, ETC.
Lugar de publicación, distribución, etc. GUAYAQUIL
300 ## - DESCRIPCIÓN FÍSICA
Extensión 118
500 ## - NOTA GENERAL
Nota general DIALOGANDO CON LOS LÍDERES ECUATORIANOS DEL SIGLO XXI; 14.
650 ## - PUNTO DE ACCESO ADICIONAL DE MATERIA--TÉRMINO DE MATERIA
Término de materia o nombre geográfico como elemento de entrada COMPETITIVIDAD
650 ## - PUNTO DE ACCESO ADICIONAL DE MATERIA--TÉRMINO DE MATERIA
Término de materia o nombre geográfico como elemento de entrada EMPRESAS
650 ## - PUNTO DE ACCESO ADICIONAL DE MATERIA--TÉRMINO DE MATERIA
Término de materia o nombre geográfico como elemento de entrada GERENCIA
942 ## - ELEMENTOS DE ENTRADA SECUNDARIOS (KOHA)
Tipo de ítem Koha Libros
Existencias
Estatus retirado Estado de pérdida Estado de daño No para préstamo Biblioteca de origen Biblioteca actual Fecha de adquisición Coste, precio normal de compra Total de préstamos Código de barras Copia número Tipo de ítem Koha Ubicación en estantería Nota pública
        CENTRO DE INFORMACIÓN BIBLIOTECARIA CENTRO DE INFORMACIÓN BIBLIOTECARIA 23/05/2017 5.00   D-107685 12 Libros    
        CENTRO DE INFORMACIÓN BIBLIOTECARIA CENTRO DE INFORMACIÓN BIBLIOTECARIA 19/12/2018 10.00   D-108347 13 Libros    
        ESCUELA DE NEGOCIOS ESCUELA DE NEGOCIOS 31/01/2002 10.00   D-P 02188 14     DONADO
        ESCUELA DE NEGOCIOS ESCUELA DE NEGOCIOS 31/01/2002 10.00   D-P 02189 15     DONADO
        ESCUELA DE NEGOCIOS ESCUELA DE NEGOCIOS 31/01/2002 10.00   D-P 02190 16     DONADO
        ESCUELA DE NEGOCIOS ESCUELA DE NEGOCIOS 13/01/2003 10.00   D-P 06025 17     DONADO
        FACULTAD DE INGENIERIA MECANICA Y CIENCIAS DE LA PRODUCCION FACULTAD DE INGENIERIA MECANICA Y CIENCIAS DE LA PRODUCCION 27/08/2004 1.00   D-30082 9      

Copyright 2025 ESPOL. Todos los derechos reservados.